| 000 | 00717pam a2200229 a 4500 | ||
|---|---|---|---|
| 001 | 4851972 | ||
| 005 | 20180208091926.0 | ||
| 008 | 910625s1992 njua b 001 0 eng | ||
| 010 | _a 91025782 | ||
| 020 | _a0138197075 (paper) | ||
| 040 |
_aDLC _cDLC _dDLC |
||
| 041 | _aeng | ||
| 080 | _a304.6 DAV | ||
| 082 | 0 | 0 |
_a304.6 DAV _220 |
| 100 | 1 | _a42 | |
| 101 | _aSOC | ||
| 245 | 1 | 0 |
_aSociety and population / _cDavid M. Heer, Jill S. Grigsby. |
| 504 | _aIncludes bibliographical references (p. 110-114) and index. | ||
| 906 |
_a7 _bcbc _corignew _d1 _eocip _f19 _gy-gencatlg |
||
| 942 |
_2ddc _cBK |
||
| 999 |
_c42177 _d42177 |
||